000 00531nam a2200181Ia 4500
005 20250326124015.0
008 250326s9999 xx 000 0 und d
037 _aTextbook
040 _aFMSL
_beng
_cFMSL
041 _aeng
_2eng
084 _aX L21;1
_qFMSL
100 _aRichman B M
_9736596
245 0 _aInternational management and economic development
_cRichman B M; Copen M
260 _aNew Delhi
_bNew Delhi, Tata McGraw-Hill
_c1972
300 _a681p
942 _cTB
_hX L21;1
999 _c1271865
_d1271865